| 000 | 01380nam a22003137a 4500 | ||
|---|---|---|---|
| 005 | 20080918163843.0 | ||
| 008 | 080918t xxu||||| |||| 00| 0 hin d | ||
| 010 | _aHIN-92691 | ||
| 020 |
_c100.00 _a9788190575070 |
||
| 035 | _aHN-65037 | ||
| 037 | _bDBAD / PUB | ||
| 040 |
_aDPL _bHN |
||
| 082 | _a370.114 | ||
| 100 |
_9747 _aकपूर, धर्मपाल |
||
| 245 |
_aनैतिक शिक्षा / _cधर्मपाल कपूर |
||
| 246 |
_aNetik Shiksha _bby Dharam pal Kapoor |
||
| 260 |
_aपंचकुला _bबेटर बुक्स _c2010 |
||
| 270 |
_a#1471-सेक्टर-15 _bपंचकुला (हरियाणा) |
||
| 300 |
_a96पृ. _c22सेमी (अजिल्द) |
||
| 650 | _9697 | ||
| 650 | _9698 | ||
| 700 | _927881 | ||
| 700 | _927882 | ||
| 700 | _927883 | ||
| 942 |
_2ddc _cHN _mकपूर _h370.114 |
||
| 999 |
_c52391 _d52391 |
||